000 01065nas a2200349 4500
001 BR2019000969
003 BR-BrBNA
005 20231205131835.0
007 ta
008 230509b bl.|||p| |||| 00| 00por d
040 _aBR-BrBNA
_bpor
_cBiblioteca Nacional de Agricultura
041 _a(En)
072 _aQ04
100 1 _aEskes, A.B.
100 1 _aRodriguez, C.A.C.
100 1 _aCondori, D.C.
100 1 _aSeguine, E.
100 1 _aCarrion, L.F.G.
100 1 _aLachenaud, P.
245 1 _aLarge genetic deversity for fine-flavor traits unveiled in cacao (Theobroma cacao L.)with special attention to the native chuncho variety in Cusco, Peru
650 _aCACAU
650 _aSELEÇÃO
650 _aGENÓTIPO
650 _aANÁLISE ORGANOLÉPTICA
650 _aSABOR
650 _aAROMA
650 _aMERCADO
773 0 _tAgrotrópica (Brazil)
_xISSN 0103-3816
_g(Sep-Dec 2018), v. 30(3) p. 157-174
_wBR2019000969
856 4 0 _dLink DSPACE/MAPA BR2019000969
909 _a202311
_bLúcia
_c55
_dLúcia Elande
942 _2AGRIS
_n0
_cANA
999 _c257016
_d257016